Представление документа в формате RUSMARC

ПолеНазваниеЗначение
  Тип записи i
  Библиографический уровень m
001 Контрольный номер LIBNET\0000579764
005 Дата корректировки 20250217112143.2
010 Индекс ISBN __
d Цена 122-48
100 Данные общей обработки __
a Данные общей обработки 19160112d2011####||| 0rusy0189 ca
101 Язык документа 0_
a Язык текста rus
102 Страна публикации __
a Страна публикации RU|
105 Кодированные данные (монография) __
a Кодированные данные (монография) nn|||||||||zy
127 Кодированные данные (звукозаписи-физические характеристики) __
a Продолжительность проигрывания 12 ч 37 мин
200 Заглавие и сведения об ответственности 1_
a Заглавие Рославлев, или Русские в 1812 году
e Сведения, относящиеся к заглавию [роман : 12+]
f Первые сведения об ответственности М. Н. Загоскин ; читает Егор Серов
b Общее обозначение материала Звукозапись
210 Выходные данные 1_
a Место издания Москва
c Издательство АРДИС
d Дата издания 2011
215 Физическое описание __
a Объем 1 электрон. опт. диск (Audio CD)
c Иллюстрации/тип воспроизводства mp3
d Формат 12х14 см
225 Серия 2_
a Серия Историческая библиотека
225 Серия 2_
a Серия Аудиокнига
230 Специфическая характеристика материала: электронные ресурсы __
a Обозначение и объем ресурса Электронные звуковые данные
300 Общие примечания __
a Общие примечания Заглавие с этикетки диска
323 Примечание о главных создателях, исполнителях, участниках __
a Примечание о главных создателях, исполнителях, участниках Серов, Е.
330 Аннотация __
a Аннотация "Печатая мой второй исторический роман, я считаю долгом принести чувствительнейшую благодарность моим соотечественникам за лестный прием, сделанный ими. Я имел в виду описать русских в две достопамятные исторические эпохи, сходные меж собою, но разделенные двумя столетиями; я желал доказать, что хотя наружные формы и физиономия русской нации совершенно изменились, но не изменились вместе с ними: наша непоколебимая верность к престолу, привязанность к вере предков и любовь к родимой стороне. Не знаю, достиг ли я этой цели, но, во всяком случае, надеюсь..."
333 Примечание о целевом назначении __
a Примечание о целевом назначении 12+. Для детей старше 12 лет
337 Примечание о системных требованиях (электронные ресурсы) __
a Примечание о системных требованиях (электронные ресурсы) Системные требования: MS Windows ; Pentium 100 ; RAM 16 Mb; CD-ROM; SVGA 800x600; звуковая карта; аудиосистемы с поддержкой MP3mp3, 128 Kbps, 16 bit, 44.1 kHz, stereo
517 Другие варианты заглавия 1_
a Другие варианты заглавия Русские в 1812 году
606 Тематические рубрики __
a Основная рубрика Художественная литература
606 Тематические рубрики __
a Основная рубрика Русская литература XIX в. (произведения)
610 Ключевые слова 0_
a Ключевые слова исторические романы
a Ключевые слова Отечественная война 1812 г.
a Ключевые слова тема войны
a Ключевые слова тема истории
a Ключевые слова тема любви
a Ключевые слова тема солдат
686 Индексы других классификаций __
2 Код системы rubbks
a Классификационный индекс 84(2=411.2)53-4я04; ст84(2Рос=Рус)1-4я0
700 Автор _1
a Фамилия Загоскин
b Имя М. Н.
f Даты 1789-1852
g Полное личное имя Михаил Николаевич
4 Код отношения 070
801 Источник записи _0
a Страна RU
b Организация Муниципальное бюджетное учреждение культуры "Централизованная библиотечная система" г. Сургут (Центральная городская библиотека им. А. С. Пушкина)
c Дата составления 20160112
g Правила каталогизации КиК/Котельникова
801 Источник записи _1
a Страна RU
b Организация Муниципальное бюджетное учреждение культуры "Централизованная библиотечная система" г. Сургут (Центральная городская библиотека им. А. С. Пушкина)
c Дата составления 20160112
g Правила каталогизации КиК/Котельникова
852 Данные о местонахождении __
j Шифр хранения 84(2=411.2)53-4я04
i Авторский знак З-14
901 Тип документа __
t Тип документа 0
903 Характеристики (МАРС) __
a Дата передачи 20160112
969 Тип издания __
a Тип издания издание для слепых; аудиокнига
990 Данные о заказе (DOS) __
j Количество экземпляров (DOS) 7
t N записи в КСУ для И/У (DOS) 201601